| 000 | 00383nam a22001577a 4500 | ||
|---|---|---|---|
| 005 | 20170916094708.0 | ||
| 008 | 170916b xxu||||| |||| 00| 0 eng d | ||
| 020 | _a978-93-272-7949-8 | ||
| 041 | _aeng | ||
| 082 | _a336.294 | ||
| 100 |
_aDHINGRA, JOY _93919 |
||
| 245 |
_aINDIRECT TAX _cJOY DHINGRA |
||
| 260 |
_aLUDHIYANA _bKALYANI PUBLISHERS _c2015 |
||
| 300 | _a10.15 | ||
| 942 | _cBK | ||
| 999 |
_c5561 _d5559 |
||